000 00966nam a2200205Ia 4500
999 _c40237
_d40237
001 6845
003 GE_BSU
005 20191227163205.0
008 181216s||||||||xx |||||||||||||| ||und||
040 _cGE_BSU
080 _a821.353.1-1
100 _aგიორგაძე, ჯონი.
_95993
245 _aაყვავებული ბროწეული მენატრება :
_bლექსები /
_cჯონი გიორგაძე ; რედ. ზურაბ კუხიანიძე.
264 _aქუთაისი :
_bსაბჭ.საქართველო,ქუთაისის ფილიალი,
_c1983.
300 _a133 გვ. ;
_bფოტო ;
_c17 სმ.
653 _aაყვავებული ბროწეული მენატრება
653 _aლექსები
700 _aკუხიანიძე, ზურაბ
_eრედაქტორი
_95994
942 _cBK
_2udc